000 00325 a2200145 4500
001 153865
040 _cEscola São Tomás de Aquino
100 _aORTHOF, Sylvia
240 1 0 _aO sapato que miava
_lpor
245 1 0 _aO sapato que miava
362 0 _a1988
440 1 _aFTD
697 _a*LITERATURA INFANTIL
942 _cBK
999 _c153865
_d153865